Transgender individuals and fertility preservation: Data from the French Cecos network (notice n° 1920575)
[ vue normale ]
| 000 -LEADER | |
|---|---|
| fixed length control field | 02753cam a2200445 4500500 |
| 005 - DATE AND TIME OF LATEST TRANSACTION | |
| control field | 20260329022516.0 |
| 041 ## - LANGUAGE CODE | |
| Language code of text/sound track or separate title | fre |
| 042 ## - AUTHENTICATION CODE | |
| Authentication code | dc |
| 100 10 - MAIN ENTRY--PERSONAL NAME | |
| Personal name | Eustache, Florence |
| Relator term | author |
| 245 00 - TITLE STATEMENT | |
| Title | Transgender individuals and fertility preservation: Data from the French Cecos network |
| 260 ## - PUBLICATION, DISTRIBUTION, ETC. | |
| Date of publication, distribution, etc. | 2022.<br/> |
| 500 ## - GENERAL NOTE | |
| General note | 23 |
| 520 ## - SUMMARY, ETC. | |
| Summary, etc. | In France, fertility preservation (FP) was until recently very rarely offered to transgender persons, even if they had an existing desire for a child. The proposed treatments, hormone therapy, and reassignment surgery are far from being without risk for gametic quality and production. French law authorizes FP before any treatment that has sterilizing risks. Thus, several centers for the study and preservation of eggs and sperm (Centres d’étude et de conservation des oeufs et du sperme, Cecos) have responded to these new requests. A national multicenter survey was conducted between January 2019 and October 2020 in 28 French Cecos network centers. Each center was surveyed to find out how many trans individuals were visiting, being informed, and being managed for FP. During this period, nearly 600 trans individuals visited a Cecos. Trans men were significantly younger than trans women. Nearly half of the trans people who came were able to perform egg or sperm conservation, with 66% of trans women doing so, but only 11% of trans men. This study shows that the vast majority of Cecos are able to offer trans people FP, and is the first study with such a large population. |
| 700 10 - ADDED ENTRY--PERSONAL NAME | |
| Personal name | Ducrocq, Bérengère |
| Relator term | author |
| 700 10 - ADDED ENTRY--PERSONAL NAME | |
| Personal name | Mendes, Nicolas |
| Relator term | author |
| 700 10 - ADDED ENTRY--PERSONAL NAME | |
| Personal name | Dupont, Charlotte |
| Relator term | author |
| 700 10 - ADDED ENTRY--PERSONAL NAME | |
| Personal name | Delepine, Béatrice |
| Relator term | author |
| 700 10 - ADDED ENTRY--PERSONAL NAME | |
| Personal name | Mirallie, Sophie |
| Relator term | author |
| 700 10 - ADDED ENTRY--PERSONAL NAME | |
| Personal name | Papaxanthos, Aline |
| Relator term | author |
| 700 10 - ADDED ENTRY--PERSONAL NAME | |
| Personal name | Magnan, Fanny |
| Relator term | author |
| 700 10 - ADDED ENTRY--PERSONAL NAME | |
| Personal name | Grèze, Cécile |
| Relator term | author |
| 700 10 - ADDED ENTRY--PERSONAL NAME | |
| Personal name | Hennebicq, Sylviane |
| Relator term | author |
| 700 10 - ADDED ENTRY--PERSONAL NAME | |
| Personal name | Koscinski, Isabelle |
| Relator term | author |
| 700 10 - ADDED ENTRY--PERSONAL NAME | |
| Personal name | Drapier, Hortense |
| Relator term | author |
| 700 10 - ADDED ENTRY--PERSONAL NAME | |
| Personal name | Frapsauce, Cynthia |
| Relator term | author |
| 700 10 - ADDED ENTRY--PERSONAL NAME | |
| Personal name | Mayeur, Anne |
| Relator term | author |
| 700 10 - ADDED ENTRY--PERSONAL NAME | |
| Personal name | Clarotti, Marie-Ange |
| Relator term | author |
| 700 10 - ADDED ENTRY--PERSONAL NAME | |
| Personal name | Mons, Joffrey |
| Relator term | author |
| 700 10 - ADDED ENTRY--PERSONAL NAME | |
| Personal name | Schmitt, Françoise |
| Relator term | author |
| 700 10 - ADDED ENTRY--PERSONAL NAME | |
| Personal name | May-Panloup, Pascale |
| Relator term | author |
| 700 10 - ADDED ENTRY--PERSONAL NAME | |
| Personal name | Blagosklonov, Oxana |
| Relator term | author |
| 700 10 - ADDED ENTRY--PERSONAL NAME | |
| Personal name | Brugnon, Florence |
| Relator term | author |
| 700 10 - ADDED ENTRY--PERSONAL NAME | |
| Personal name | Cabry, Rosalie |
| Relator term | author |
| 700 10 - ADDED ENTRY--PERSONAL NAME | |
| Personal name | Fauque, Patricia |
| Relator term | author |
| 700 10 - ADDED ENTRY--PERSONAL NAME | |
| Personal name | Thibault, Emmanuelle |
| Relator term | author |
| 700 10 - ADDED ENTRY--PERSONAL NAME | |
| Personal name | Metzler-Guillemain, Catherine |
| Relator term | author |
| 700 10 - ADDED ENTRY--PERSONAL NAME | |
| Personal name | Rives, Nathalie |
| Relator term | author |
| 786 0# - DATA SOURCE ENTRY | |
| Note | Médecine de la Reproduction | 24 | 1 | 2022-01-01 | p. 84-90 | 2650-8427 |
| 856 41 - ELECTRONIC LOCATION AND ACCESS | |
| Uniform Resource Identifier | <a href="https://stm.cairn.info/journal-medecine-de-la-reproduction-2022-1-page-84?lang=en&redirect-ssocas=7080">https://stm.cairn.info/journal-medecine-de-la-reproduction-2022-1-page-84?lang=en&redirect-ssocas=7080</a> |
Pas d'exemplaire disponible.




Réseaux sociaux